Слово о полку Ігореві і українська народна поезія (Запис № 580263)

МАРК-запис
000 -Лідер
fixed length control field 00912 a2200229 4500
003 - Ідентифікатор контрольного номера
control field UA-OsUOA
005 - Дата та час останнього входження (трансакції)
control field 20260327122512.0
008 - Елементи даних фіксованої довжини – загальна інформація
fixed length control field 260327b un ||||| |||| 00| 0 ukr d
040 ## - Джерело каталогізації
Агенція оригінальної каталогізації UA-OsUOA
Мова каталогізації ukr
Агенція, яка здійснювала перезапис UA-OsUOA
Агенція, яка здійснювала модифікацію UA-OsUOA
041 ## - Код мови
Код мови тексту/ звукової доріжки чи окремого заголовка (П) ukr
080 ## - Індекс Універсальної десяткової класифікації
Індекс Універсальної десяткової класифікації (УДК) (НП) 82.09
090 ## - Локальний шифр розміщення
Класифікаційний індекс УДК 82.09
Авторський знак (НП) Г68
100 ## - Основне введення – ім’я особи
Ім’я особи (НП) Гординський С.
9 (RLIN) 24721
245 ## - Відомості про назву
Назва (НП) Слово о полку Ігореві і українська народна поезія
Решта назви (НП) Вибрані проблеми
Дані про відповідальність (НП) Святослав Гординський
260 ## - Публікація, розповсюдження і т.п. (Вихідні дані)
Ім’я/ наймення видавництва, розповсюджувача і т.п. (П) Накладом УВАН
Дата публікації, розповсюдження і т.п. (П) 1963
Місце публікації, розповсюдження і т.п. (П) Вінніпег
300 ## - Фізичний опис
Обсяг 94 с.
490 ## - Область серії
Назва серії Slavistica
Позначення і номер тому / порядкове позначення ч. 46-47
650 ## - Додаткове предметне введення – тематичний термін
Джерело заголовка чи терміна UDC
Тематичний термін чи географічна назва, як елемент введення (НП) 82.09 Літературна критика. Літературні дослідження
9 (RLIN) 1582
942 ## - Додаткові елементи входу (Коха)
Тип елемента Koha Книги
Source of classification or shelving scheme Universal Decimal Classification
955 ## - Код типу видання за змістом
Код типу видання за змістом (НП) Літературно-художні видання
Фонди
Стан вилучень Стан втрат Джерело класифікації або схеми стелажів Стан уражень Не для кредиту Код колекції Постійне місце розташування Поточне розміщення Дата придбання Джерело придбання Вартість, звичайна ціна покупки Інвентарний номер Усього замовленно Повний номер виклику Штрих-код Дата останнього перегляду Вартість, ціна заміни Ціна ефективна від Тип елемента Koha Примітка, призначена для загального доступу
    Universal Decimal Classification     Колекція Української вільної академії наук у Канаді Наукова бібліотека ІДУД Наукова бібліотека ІДУД 27/03/2026 №3/26.03.2026 (ІДУД) 1.00 300458   82.09 Г68 300458 27/03/2026 1.00 27/03/2026 Книги Книгу отримано в дар від Романа Єринюка ; містить екслібріс у вигляді штампу "DR. & MRS. I. MAYBA"